[Event "Vesterhav"]
[Site "Esbjerg"]
[Date "2008.07.13"]
[Round "5"]
[White "Helledie, Anders"]
[Black "Ashwin, Jayaram"]
[Result "1/2-1/2"]
[WhiteElo "2223"]
[BlackElo "2436"]
[PlyCount "62"]
[EventDate "2008.07.11"]
[EventType "swiss"]
[EventRounds "10"]
[EventCountry "DEN"]
[Source "ChessBase"]
[SourceDate "2008.09.01"]

1. e4 c5 2. Nc3 Nc6 3. g3 g6 4. Bg2 Bg7 5. d3 d6 6. f4 e5 7. Nh3 Nge7 8. O-O h6
9. Be3 Nd4 10. Qd2 Be6 11. Kh1 Qd7 12. Ng1 exf4 13. gxf4 d5 14. Nxd5 Nxd5 15.
exd5 Bxd5 16. c3 Ne6 17. f5 gxf5 18. Rxf5 Bxg2+ 19. Qxg2 Bf8 20. Raf1 Rh7 21.
d4 cxd4 22. cxd4 Rg7 23. Qe4 O-O-O 24. d5 Nc7 25. Bxa7 Bd6 26. Rc1 Re8 27. Qd3
Reg8 28. Rf2 Qg4 29. Rfc2 f5 30. Nf3 Qh3 31. Qe2 Re7 1/2-1/2

[Event "Vesterhav"]
[Site "Esbjerg"]
[Date "2008.07.13"]
[Round "5"]
[White "Hoffmann, Tobias Breinholt"]
[Black "Hansen, Ib Lynaes"]
[Result "1-0"]
[WhiteElo "2034"]
[BlackElo "1926"]
[PlyCount "67"]
[EventDate "2008.07.11"]
[EventType "swiss"]
[EventRounds "10"]
[EventCountry "DEN"]
[Source "ChessBase"]
[SourceDate "2008.09.01"]

1. e4 c5 2. Nf3 g6 3. d4 Bg7 4. c3 b6 5. Bd3 Nf6 6. e5 Nd5 7. Be4 Nc7 8. Bxa8
Nxa8 9. O-O Nc6 10. Bf4 O-O 11. d5 Na5 12. Na3 Nc7 13. b4 Nb7 14. Qd2 d6 15.
Rad1 Bd7 16. bxc5 Ba4 17. cxd6 exd6 18. Rde1 Nb5 19. Nc4 Qc8 20. Nb2 Nc5 21. c4
Na3 22. Rc1 Bd7 23. Qe3 dxe5 24. Bh6 e4 25. Bxg7 Nxc4 26. Nxc4 Kxg7 27. Ng5 f5
28. Ne5 Bb5 29. Rfd1 f4 30. Qd4 Kg8 31. Ne6 Nxe6 32. Rxc8 Nxd4 33. Rxf8+ Kxf8
34. Rxd4 1-0

[Event "Vesterhav"]
[Site "Esbjerg"]
[Date "2008.07.13"]
[Round "5"]
[White "Holm, Sejer"]
[Black "Flindt, Thomas"]
[Result "1/2-1/2"]
[WhiteElo "2240"]
[BlackElo "2166"]
[PlyCount "137"]
[EventDate "2008.07.11"]
[EventType "swiss"]
[EventRounds "10"]
[EventCountry "DEN"]
[Source "ChessBase"]
[SourceDate "2008.09.01"]

1. Nf3 c6 2. b3 d6 3. d4 Bg4 4. e4 Nf6 5. Bd3 Nbd7 6. h3 Bxf3 7. Qxf3 e5 8. Bb2
Qc7 9. O-O Be7 10. Nd2 O-O-O 11. c4 exd4 12. Bxd4 Ne5 13. Qe2 g5 14. Nf3 Rdg8
15. Nxe5 dxe5 16. Be3 g4 17. h4 Nd7 18. g3 Bc5 19. Rab1 Bd4 20. b4 Rg6 21. c5
Rhg8 22. Kg2 h6 23. Rfc1 Rf6 24. b5 cxb5 25. Rxb5 Bxe3 26. Qxe3 Rc6 27. Be2 a6
28. Rb3 Nf8 29. Rb6 Ne6 30. Rxc6 Qxc6 31. Bc4 Nc7 32. Rd1 Rd8 33. Rxd8+ Kxd8
34. Bxf7 Ne6 35. Bxe6 Qxe6 36. Qd2+ Kc7 37. f3 gxf3+ 38. Kxf3 Qf7+ 39. Kg2 h5
40. Qd5 Qf6 41. a4 Qe7 42. a5 Qe8 43. Qd6+ Kc8 44. Qf6 Kb8 45. g4 hxg4 46. Kg3
Ka7 47. Kxg4 Qc8+ 48. Kg5 Qg8+ 49. Kf5 Qc8+ 50. Qe6 Qf8+ 51. Qf6 Qc8+ 52. Kg5
Qg8+ 53. Qg6 Qd8+ 54. Kg4 Qd1+ 55. Kf5 Qd7+ 56. Kxe5 Qe7+ 57. Kd5 Qd8+ 58. Kc4
Qxh4 59. c6 Qe1 60. Qf5 Qc1+ 61. Kd4 Qd2+ 62. Kc4 Qc2+ 63. Kd4 Qd2+ 64. Ke5
Qxa5+ 65. Kd6 Qd8+ 66. Qd7 Qf8+ 67. Kd5 Qg8+ 68. Kc5 Qg5+ 69. Kd6 1/2-1/2

[Event "Vesterhav"]
[Site "Esbjerg"]
[Date "2008.07.13"]
[Round "5"]
[White "Husted, Peter"]
[Black "Andersen, Daniel"]
[Result "1-0"]
[WhiteElo "2149"]
[BlackElo "1969"]
[PlyCount "119"]
[EventDate "2008.07.11"]
[EventType "swiss"]
[EventRounds "10"]
[EventCountry "DEN"]
[Source "ChessBase"]
[SourceDate "2008.09.01"]

1. e4 e6 2. d4 d5 3. Nd2 c5 4. exd5 Qxd5 5. Ngf3 cxd4 6. Bc4 Qd6 7. O-O Nf6 8.
Nb3 Nc6 9. Nfxd4 Nxd4 10. Nxd4 Bd7 11. c3 Qc7 12. Be2 Bd6 13. h3 O-O 14. Qc2
Bh2+ 15. Kh1 Bf4 16. Bxf4 Qxf4 17. Bf3 Qc7 18. Rad1 Rfe8 19. Qb3 e5 20. Nb5
Bxb5 21. Qxb5 e4 22. Be2 Re5 23. Qb3 a6 24. Qc4 Qe7 25. Qd4 e3 26. fxe3 Ne4 27.
Rf3 Ng5 28. Rff1 Ne4 29. Kh2 Qc7 30. Qd7 Re7+ 31. Qxc7 Rxc7 32. Bf3 Nf6 33. Kg3
Re8 34. Rfe1 g6 35. Rd4 Re5 36. Rf4 Nd5 37. Re4 Rxe4 38. Bxe4 Nb6 39. Kf2 Nc4
40. Re2 Kf8 41. Bd5 Ne5 42. e4 Ke7 43. Rd2 b6 44. Rd4 Rd7 45. Ke3 Rd8 46. Bb7
a5 47. Rxd8 Kxd8 48. Kd4 f6 49. b4 Ke7 50. Bd5 Kd6 51. a3 a4 52. c4 Nd7 53. Bg8
h6 54. Bh7 Ne5 55. c5+ bxc5+ 56. bxc5+ Kc6 57. Bg8 Nd7 58. Bd5+ Kb5 59. c6 Nb6
60. c7 1-0

[Event "Vesterhav"]
[Site "Esbjerg"]
[Date "2008.07.13"]
[Round "5"]
[White "Jacobsen, Per"]
[Black "Trarup, Jorgen"]
[Result "1-0"]
[WhiteElo "1702"]
[BlackElo "1784"]
[PlyCount "125"]
[EventDate "2008.07.11"]
[EventType "swiss"]
[EventRounds "10"]
[EventCountry "DEN"]
[Source "ChessBase"]
[SourceDate "2008.09.01"]

1. b3 e5 2. Bb2 d6 3. Nf3 Bf5 4. e3 a6 5. Be2 Nc6 6. O-O Nf6 7. d4 e4 8. Nfd2
d5 9. c4 Nb4 10. Ba3 a5 11. Nc3 c6 12. cxd5 Nfxd5 13. Nxd5 Qxd5 14. Nc4 Qd8 15.
Bg4 Bg6 16. Ne5 Bd6 17. Qe2 Bxe5 18. dxe5 O-O 19. Rad1 Qb8 20. Bb2 Nd3 21. Ba1
Nxe5 22. Qb2 f6 23. Be2 Qc7 24. Rc1 Nd3 25. Bxd3 exd3 26. Rfd1 Rad8 27. f3 Rd6
28. e4 Rfd8 29. Rd2 Qb6+ 30. Kf1 Qe3 31. Re1 Qf4 32. Kg1 b6 33. e5 Re6 34. Qc1
fxe5 35. Kh1 Rde8 36. Qb2 c5 37. Rf1 Qd4 38. Qc1 Qe3 39. Qb2 R6e7 40. Qc3 b5
41. Rdd1 b4 42. Qc4+ Kh8 43. Rfe1 Qf2 44. Rf1 Qxa2 45. Qxc5 d2 46. Rf2 Bb1 47.
Rfxd2 Qxb3 48. Qxe7 Rg8 49. Bxe5 h6 50. Rd8 Kh7 51. Kg1 Ba2 52. R1d3 Qc4 53.
Rxg8 Qxg8 54. Rd8 Qf7 55. Qxf7 Bxf7 56. Ra8 b3 57. Rxa5 Kg6 58. Ra7 h5 59. f4
h4 60. f5+ Kxf5 61. Rxf7+ Kxe5 62. Rb7 g5 63. Rxb3 1-0

[Event "Vesterhav"]
[Site "Esbjerg"]
[Date "2008.07.13"]
[Round "5"]
[White "Jensby, Morten"]
[Black "Jacobsen, Mads Holger Bang"]
[Result "1-0"]
[WhiteElo "2021"]
[BlackElo "1831"]
[PlyCount "83"]
[EventDate "2008.07.11"]
[EventType "swiss"]
[EventRounds "10"]
[EventCountry "DEN"]
[Source "ChessBase"]
[SourceDate "2008.09.01"]

1. c4 Nf6 2. g3 g6 3. Bg2 Bg7 4. Nc3 O-O 5. d3 d6 6. e4 e5 7. Nge2 Nc6 8. O-O
Ne8 9. f4 f5 10. Be3 Ne7 11. d4 fxe4 12. dxe5 Be6 13. Nxe4 dxe5 14. Qb3 Bg4 15.
Rfe1 Kh8 16. Rad1 Qc8 17. Ng5 c6 18. Bc5 Nf5 19. Bxf8 Bxf8 20. Nf7+ Kg7 21.
Nxe5 Bc5+ 22. Kh1 Bxe2 23. Rxe2 Nd4 24. Qc3 Ne6 25. Qd3 Nd4 26. Re4 Nf5 27. Nd7
Bd6 28. Qc3+ Kf7 29. Ne5+ Kg8 30. c5 Bc7 31. Qc4+ Kh8 32. Qf7 Neg7 33. Rd7 Bxe5
34. Rxe5 Qf8 35. Qxf8+ Rxf8 36. Rxb7 Rd8 37. Bxc6 Rd1+ 38. Kg2 Rd2+ 39. Kf3
Rd3+ 40. Ke2 Rd8 41. Be4 Nd4+ 42. Kf2 1-0

[Event "Vesterhav"]
[Site "Esbjerg"]
[Date "2008.07.13"]
[Round "5"]
[White "Jensen, Jan Kargaard"]
[Black "Bonnelykke, Ole"]
[Result "0-1"]
[WhiteElo "1813"]
[BlackElo "2148"]
[PlyCount "40"]
[EventDate "2008.07.11"]
[EventType "swiss"]
[EventRounds "10"]
[EventCountry "DEN"]
[Source "ChessBase"]
[SourceDate "2008.09.01"]

1. d4 Nf6 2. Nf3 e6 3. Bf4 b6 4. Nbd2 Bb7 5. e3 Be7 6. Bd3 d6 7. h3 Nbd7 8. O-O
h6 9. e4 g5 10. Bg3 g4 11. hxg4 Nxg4 12. Nh2 Nxh2 13. Kxh2 Nf6 14. e5 dxe5 15.
dxe5 Qd5 16. Rg1 h5 17. exf6 h4 18. Bxc7 h3 19. g3 Qg2+ 20. Rxg2 hxg2+ 0-1

[Event "Vesterhav"]
[Site "Esbjerg"]
[Date "2008.07.13"]
[Round "5"]
[White "Jensen, John Klaus"]
[Black "Christensen, Svend Ib"]
[Result "1/2-1/2"]
[WhiteElo "1960"]
[BlackElo "1531"]
[PlyCount "122"]
[EventDate "2008.07.11"]
[EventType "swiss"]
[EventRounds "10"]
[EventCountry "DEN"]
[Source "ChessBase"]
[SourceDate "2008.09.01"]

1. e4 d6 2. d4 Nf6 3. Nc3 e6 4. Nf3 Be7 5. Be2 c5 6. e5 dxe5 7. dxe5 Nd5 8.
Nxd5 Qxd5 9. O-O O-O 10. Bf4 Bd7 11. c4 Qxd1 12. Rfxd1 Bc6 13. Rd2 Nd7 14. Rad1
Rfd8 15. Bd3 Nf8 16. Ng5 h6 17. Ne4 Bxe4 18. Bxe4 Rxd2 19. Rxd2 Rb8 20. b3 b6
21. Bg3 Rd8 22. Rxd8 Bxd8 23. f4 Bc7 24. Kf2 Ng6 25. Bxg6 fxg6 26. Ke3 Kf7 27.
Ke4 Ke8 28. Be1 Bd8 29. g4 Kf7 30. f5 Be7 31. fxe6+ Kxe6 32. Bg3 h5 33. h3 hxg4
34. hxg4 g5 35. Be1 a5 36. Bd2 g6 37. a3 Bd8 38. b4 axb4 39. axb4 Be7 40. bxc5
Bxc5 41. Bxg5 Bg1 42. Bf6 Bh2 43. Bd8 Bg1 44. Bc7 Bc5 45. Kf4 Kf7 46. Bd6 Bg1
47. Bc7 Bc5 48. Ke4 Ke6 49. Kd3 Kd7 50. Bb8 Ke6 51. Kc3 Kd7 52. Kb3 Kc6 53. Ka4
Be7 54. Bd6 Bxd6 55. exd6 Kxd6 56. Kb5 Kc7 57. c5 bxc5 58. Kxc5 Kd7 59. Kd5 Ke7
60. g5 Kf7 61. Ke5 Ke7 1/2-1/2

[Event "Vesterhav"]
[Site "Esbjerg"]
[Date "2008.07.13"]
[Round "5"]
[White "Johansen, Johnny Holler"]
[Black "Voss, Chantal"]
[Result "1/2-1/2"]
[WhiteElo "2029"]
[BlackElo "1913"]
[PlyCount "74"]
[EventDate "2008.07.11"]
[EventType "swiss"]
[EventRounds "10"]
[EventCountry "DEN"]
[Source "ChessBase"]
[SourceDate "2008.09.01"]

1. d4 d5 2. Nf3 Nf6 3. c4 e6 4. Nc3 c6 5. Bg5 Nbd7 6. e3 Bd6 7. cxd5 exd5 8.
Bd3 O-O 9. O-O Re8 10. Rc1 Nf8 11. Qc2 Bg4 12. Nd2 Bh5 13. h3 Bg6 14. Nf3 Bxd3
15. Qxd3 Ng6 16. a3 h6 17. Bxf6 Qxf6 18. b4 Qe7 19. Na4 a5 20. Nc5 axb4 21.
axb4 Ra7 22. Qc3 Rea8 23. Ra1 b6 24. Nd3 Qb7 25. Rxa7 Rxa7 26. Rc1 Ne7 27. g3
f6 28. Nd2 Qa8 29. Nb3 Kf7 30. Ra1 Rxa1+ 31. Qxa1 Qxa1+ 32. Nxa1 Nc8 33. Kg2
Ke6 34. f3 Ne7 35. Nc2 Nf5 36. g4 Ne7 37. e4 g6 1/2-1/2

[Event "Vesterhav"]
[Site "Esbjerg"]
[Date "2008.07.13"]
[Round "5"]
[White "Kops, John"]
[Black "Nielsen, Jesper1"]
[Result "0-1"]
[WhiteElo "1979"]
[BlackElo "1718"]
[PlyCount "92"]
[EventDate "2008.07.11"]
[EventType "swiss"]
[EventRounds "10"]
[EventCountry "DEN"]
[Source "ChessBase"]
[SourceDate "2008.09.01"]

1. e4 c6 2. d4 d5 3. exd5 cxd5 4. c4 e6 5. Nf3 Nf6 6. c5 Nc6 7. Nc3 Be7 8. Bf4
a6 9. Bd3 O-O 10. O-O g6 11. Na4 Nd7 12. Rc1 Bf6 13. Bb1 Re8 14. Re1 Bg7 15.
Ne5 Ndxe5 16. dxe5 Bd7 17. Nb6 Rb8 18. Qg4 Ne7 19. Bg5 Qc7 20. Bf6 Rbd8 21. Re3
Nc6 22. Bxd8 Qxd8 23. Rce1 Bc8 24. a3 Qe7 25. b4 Rd8 26. f4 Nd4 27. Rh3 Bd7 28.
Nxd7 Rxd7 29. Rd1 Nc6 30. Rh4 a5 31. Kh1 axb4 32. axb4 h5 33. Qg3 Qd8 34. Qe1
Nxb4 35. f5 Nc6 36. fxe6 fxe6 37. Bxg6 Qg5 38. Bxh5 Nxe5 39. Rh3 Qf5 40. Ra1
Rd8 41. Bf3 Nd3 42. Qa5 Nf2+ 43. Kg1 Nxh3+ 44. gxh3 Bd4+ 45. Kg2 Qg5+ 46. Bg4
Bxa1 0-1

[Event "Vesterhav"]
[Site "Esbjerg"]
[Date "2008.07.13"]
[Round "5"]
[White "Kovshoj, Sune"]
[Black "Zachariassen, John"]
[Result "1/2-1/2"]
[WhiteElo "2013"]
[BlackElo "1949"]
[PlyCount "47"]
[EventDate "2008.07.11"]
[EventType "swiss"]
[EventRounds "10"]
[EventCountry "DEN"]
[Source "ChessBase"]
[SourceDate "2008.09.01"]

1. e4 d6 2. Nc3 Nd7 3. f4 e5 4. Nf3 c6 5. a4 Ngf6 6. Bc4 Be7 7. O-O O-O 8. fxe5
dxe5 9. d3 Nc5 10. Kh1 Qc7 11. Ne2 Bg4 12. Ng3 Ne6 13. h3 Nh5 14. Qe1 Bxf3 15.
Rxf3 Bh4 16. Qe3 Nxg3+ 17. Rxg3 Bxg3 18. Qxg3 Nf4 19. Be3 Qd6 20. Rf1 Ng6 21.
h4 Nf4 22. Qf3 Qd7 23. g3 Qh3+ 24. Kg1 1/2-1/2

[Event "Vesterhav"]
[Site "Esbjerg"]
[Date "2008.07.13"]
[Round "5"]
[White "Kristensen, Hans Hald"]
[Black "Straarup, Eigil"]
[Result "1-0"]
[WhiteElo "1820"]
[BlackElo "1998"]
[PlyCount "79"]
[EventDate "2008.07.11"]
[EventType "swiss"]
[EventRounds "10"]
[EventCountry "DEN"]
[Source "ChessBase"]
[SourceDate "2008.09.01"]

1. d4 Nf6 2. Bf4 d5 3. e3 Bf5 4. Nd2 e6 5. Ngf3 c5 6. c3 Nbd7 7. h3 Be7 8. Ne5
O-O 9. g4 Bg6 10. Nxg6 hxg6 11. Bd3 cxd4 12. exd4 Re8 13. Bg3 Qb6 14. Qb3 Bf8
15. Qxb6 Nxb6 16. O-O Rec8 17. Rfe1 a6 18. Re2 Na4 19. Rb1 b5 20. a3 Ne8 21.
Re3 Bd6 22. f4 Kf8 23. Kg2 Ke7 24. f5 Bxg3 25. Kxg3 gxf5 26. gxf5 Nd6 27. Nf3
Kd7 28. fxe6+ fxe6 29. Bg6 Rf8 30. b3 Nb6 31. Bc2 Nf5+ 32. Bxf5 exf5 33. Ne5+
Kd6 34. Kf4 Ra7 35. Rg1 a5 36. Reg3 a4 37. b4 Rc7 38. Rxg7 Rxc3 39. R1g6+ Rf6
40. Rxf6# 1-0

[Event "Vesterhav"]
[Site "Esbjerg"]
[Date "2008.07.13"]
[Round "5"]
[White "Lindestrom, Amalie Heiring"]
[Black "Andreasen, Per"]
[Result "1-0"]
[WhiteElo "1413"]
[BlackElo "1771"]
[PlyCount "99"]
[EventDate "2008.07.11"]
[EventType "swiss"]
[EventRounds "10"]
[EventCountry "DEN"]
[Source "ChessBase"]
[SourceDate "2008.09.01"]

1. e4 c6 2. d4 d5 3. e5 c5 4. c3 cxd4 5. cxd4 Qb6 6. Nf3 Bg4 7. Be2 Nc6 8. Nc3
e6 9. Na4 Qa5+ 10. Bd2 Bb4 11. Bc3 b5 12. a3 Bxc3+ 13. Nxc3 a6 14. O-O Nge7 15.
Rc1 O-O 16. Nh4 Bxe2 17. Nxe2 Rfc8 18. f4 g6 19. g4 Qb6 20. Rc3 b4 21. Rcf3
bxa3 22. bxa3 Kh8 23. f5 Nxe5 24. Rg3 g5 25. Nf3 Nxf3+ 26. Rgxf3 exf5 27. gxf5
f6 28. Re3 Qb7 29. Nc3 Rc7 30. Qf3 Rac8 31. Rfe1 Kg7 32. Na4 Rc1 33. Nc5 Rxe1+
34. Rxe1 Qa7 35. Re6 Rxc5 36. dxc5 Qxc5+ 37. Kg2 Qc2+ 38. Qf2 Qxf2+ 39. Kxf2
Nxf5 40. Rxa6 Kf7 41. Ke2 h5 42. a4 Ke7 43. a5 Nd6 44. Rb6 Nc4 45. Rb7+ Kd6 46.
a6 Kc6 47. Rb8 Nb6 48. a7 Na8 49. Rxa8 Kb7 50. Rf8 1-0

[Event "Vesterhav"]
[Site "Esbjerg"]
[Date "2008.07.13"]
[Round "5"]
[White "Lindestrom, Torsten"]
[Black "Pedersen, Torben Phalaris"]
[Result "1-0"]
[WhiteElo "2259"]
[BlackElo "1973"]
[PlyCount "73"]
[EventDate "2008.07.11"]
[EventType "swiss"]
[EventRounds "10"]
[EventCountry "DEN"]
[Source "ChessBase"]
[SourceDate "2008.09.01"]

1. d4 Nf6 2. c4 e6 3. g3 c5 4. Nf3 g6 5. Nc3 a6 6. e4 cxd4 7. Nxd4 d6 8. Bg2
Bg7 9. b3 O-O 10. Bb2 Qc7 11. Nc2 Bd7 12. Qd2 Rd8 13. Ne3 Bc6 14. Rc1 Qe7 15.
O-O b6 16. Rfd1 Ne8 17. Ne2 Bxb2 18. Qxb2 Ra7 19. Rd2 Nd7 20. Rcd1 a5 21. Nd4
Nb8 22. f4 Ba8 23. Nb5 Rad7 24. Qd4 Nc6 25. Qc3 f6 26. Ng4 Kf7 27. Qe3 h5 28.
Nf2 Rb8 29. e5 fxe5 30. fxe5 Nxe5 31. Qxe5 dxe5 32. Rxd7 Bxg2 33. Kxg2 Rd8 34.
Rxe7+ Kxe7 35. Rxd8 Kxd8 36. Nd3 e4 37. Nf4 1-0

[Event "Vesterhav"]
[Site "Esbjerg"]
[Date "2008.07.13"]
[Round "5"]
[White "Madsen, Egon Rysgaard"]
[Black "Brondt, Nicolai Kvist"]
[Result "0-1"]
[WhiteElo "1677"]
[BlackElo "1966"]
[PlyCount "60"]
[EventDate "2008.07.11"]
[EventType "swiss"]
[EventRounds "10"]
[EventCountry "DEN"]
[Source "ChessBase"]
[SourceDate "2008.09.01"]

1. e4 c6 2. d4 d5 3. exd5 cxd5 4. Nf3 Bf5 5. c3 e6 6. Bb5+ Nc6 7. Bf4 Nf6 8.
Ne5 Qb6 9. Bxc6+ bxc6 10. b4 Be7 11. Nd2 h6 12. Nb3 O-O 13. O-O Rfc8 14. a4 Ne4
15. Rc1 Nd6 16. a5 Qd8 17. Qe2 Bf6 18. Rfe1 Be7 19. Qh5 Qe8 20. g4 Bh7 21. Re3
Ne4 22. Nc5 Bxc5 23. bxc5 Kf8 24. Bxh6 Bg6 25. Nxg6+ fxg6 26. Qe5 gxh6 27. Rh3
Qf7 28. Rxh6 Qxf2+ 29. Kh1 Qf3+ 30. Kg1 Qxg4+ 0-1

[Event "Vesterhav"]
[Site "Esbjerg"]
[Date "2008.07.13"]
[Round "5"]
[White "Marshall, Michael"]
[Black "Wasenius, Thomas"]
[Result "1-0"]
[WhiteElo "1917"]
[BlackElo "1196"]
[PlyCount "53"]
[EventDate "2008.07.11"]
[EventType "swiss"]
[EventRounds "10"]
[EventCountry "DEN"]
[Source "ChessBase"]
[SourceDate "2008.09.01"]

1. d4 d5 2. Nf3 Nf6 3. e3 e6 4. Bd3 b6 5. O-O Bb7 6. b3 Be7 7. Bb2 O-O 8. Nbd2
Nbd7 9. Ne5 c5 10. Qf3 Qc7 11. Qh3 g6 12. f4 Nxe5 13. fxe5 Ne4 14. Bxe4 dxe4
15. c4 Bg5 16. Rae1 Rad8 17. Nxe4 Bxe4 18. Qg4 Bxg2 19. Qxg2 Qe7 20. d5 exd5
21. cxd5 Bh4 22. Rd1 f5 23. Kh1 Bg5 24. d6 Rxd6 25. exd6 Qxe3 26. Qd5+ Rf7 27.
Rde1 1-0

[Event "Vesterhav"]
[Site "Esbjerg"]
[Date "2008.07.13"]
[Round "5"]
[White "Mortensen, Henrik"]
[Black "Leenhouts, Koen"]
[Result "0-1"]
[WhiteElo "2019"]
[BlackElo "2400"]
[PlyCount "58"]
[EventDate "2008.07.11"]
[EventType "swiss"]
[EventRounds "10"]
[EventCountry "DEN"]
[Source "ChessBase"]
[SourceDate "2008.09.01"]

1. e4 g6 2. d4 Bg7 3. c4 d6 4. Nc3 Nf6 5. f3 O-O 6. Be3 c5 7. Nge2 Nc6 8. Qd2
Bd7 9. d5 Ne5 10. Nc1 e6 11. Be2 exd5 12. exd5 Nh5 13. Bg5 f6 14. Bh4 g5 15.
Bg3 f5 16. Bxe5 Bxe5 17. Nd3 Bd4 18. f4 Re8 19. fxg5 Be3 20. Qc2 Qxg5 21. Bf3
Nf6 22. Kd1 f4 23. Nf2 Bf5 24. Qe2 Qg7 25. Nb5 Rad8 26. a4 a6 27. Nc3 h5 28.
Re1 Ng4 29. Bxg4 Qd4+ 0-1

[Event "Vesterhav"]
[Site "Esbjerg"]
[Date "2008.07.13"]
[Round "5"]
[White "Munksgaard, Dennis"]
[Black "Oehmichen, Jan"]
[Result "1-0"]
[WhiteElo "2022"]
[BlackElo "1853"]
[PlyCount "67"]
[EventDate "2008.07.11"]
[EventType "swiss"]
[EventRounds "10"]
[EventCountry "DEN"]
[Source "ChessBase"]
[SourceDate "2008.09.01"]

1. b4 e5 2. Bb2 d6 3. e3 b6 4. Nf3 Bb7 5. Be2 f5 6. d3 Nf6 7. Nbd2 Nbd7 8. c4
Be7 9. Qb3 h6 10. Rc1 a5 11. a3 c5 12. Bc3 e4 13. dxe4 Bxe4 14. Nxe4 fxe4 15.
Nh4 O-O 16. Ng6 Rf7 17. O-O Kh7 18. Nxe7 Qxe7 19. Rcd1 Nf8 20. Rd2 Ne6 21. Rfd1
Ne8 22. Bh5 g6 23. Qc2 Qh4 24. Rxd6 Nxd6 25. Rxd6 Qxh5 26. Rxe6 Rd8 27. h3 axb4
28. axb4 cxb4 29. Bd4 Rdf8 30. Qxe4 b3 31. g4 Qg5 32. f4 Rxf4 33. exf4 Qxf4 34.
Qxg6# 1-0

[Event "Vesterhav"]
[Site "Esbjerg"]
[Date "2008.07.13"]
[Round "5"]
[White "Nielsen, Aage Sondergaard"]
[Black "Mortensen, Carl Heinrich"]
[Result "1-0"]
[WhiteElo "1938"]
[BlackElo "1686"]
[PlyCount "161"]
[EventDate "2008.07.11"]
[EventType "swiss"]
[EventRounds "10"]
[EventCountry "DEN"]
[Source "ChessBase"]
[SourceDate "2008.09.01"]

1. f4 Nf6 2. Nf3 d5 3. g3 c6 4. Bg2 Bf5 5. d3 e6 6. Nh4 Nbd7 7. O-O Bg6 8. f5
exf5 9. Nxf5 Bxf5 10. Rxf5 g6 11. Rf1 Bg7 12. Kh1 O-O 13. Na3 Re8 14. c4 Qb6
15. cxd5 cxd5 16. Nc2 Ng4 17. e3 Ngf6 18. Rg1 Rac8 19. Bd2 Qa6 20. Nb4 Qd6 21.
Re1 a5 22. Nc2 b6 23. Bh3 Rcd8 24. b4 a4 25. Nd4 Ne5 26. Bc3 h5 27. Re2 Nfg4
28. Kg2 Rc8 29. Rc2 Bh6 30. Qd2 f5 31. Nb5 Qe7 32. a3 Qd7 33. Nd4 Nc6 34. Bxg4
hxg4 35. Bb2 Nxd4 36. Bxd4 Rxc2 37. Qxc2 Rc8 38. Qa2 Qc6 39. Rd1 Kf8 40. Qb2
Qb7 41. Kf2 Bg7 42. Rd2 Bxd4 43. Qxd4 Kf7 44. b5 Qc7 45. Qxd5+ Kg7 46. Qd4+ Kh7
47. Qxa4 Qb7 48. Qd1 Rc3 49. h3 gxh3 50. Qf1 Rxa3 51. Qxh3+ Kg8 52. Qh4 Qd7 53.
Qc4+ Kh7 54. Rd1 Kg7 55. d4 Qf7 56. d5 Qe7 57. Qd4+ Kg8 58. Rh1 Ra2+ 59. Kf3
Qe4+ 60. Qxe4 fxe4+ 61. Kxe4 Rb2 62. Ke5 Rxb5 63. Rh4 Rb3 64. Re4 Kf7 65. Rf4+
Ke8 66. Rf3 b5 67. Ke6 b4 68. g4 Rd3 69. Rh3 Kd8 70. d6 Kc8 71. Rh8+ Kb7 72. e4
b3 73. Rh2 g5 74. e5 Kc6 75. Rb2 Kc5 76. Ke7 Rd1 77. e6 Rd4 78. Rxb3 Kd5 79.
Kf6 Kxd6 80. Re3 Rxg4 81. e7 1-0

[Event "Vesterhav"]
[Site "Esbjerg"]
[Date "2008.07.13"]
[Round "5"]
[White "Nielsen, Lasse Simoni"]
[Black "Lauritsen, Martin Lee"]
[Result "1/2-1/2"]
[WhiteElo "1888"]
[BlackElo "2063"]
[PlyCount "28"]
[EventDate "2008.07.11"]
[EventType "swiss"]
[EventRounds "10"]
[EventCountry "DEN"]
[Source "ChessBase"]
[SourceDate "2008.09.01"]

1. e4 c5 2. Nc3 Nc6 3. g3 Nf6 4. Bg2 e6 5. d3 d5 6. exd5 Nxd5 7. Nge2 Be7 8.
O-O O-O 9. Re1 Nc7 10. Be3 e5 11. Qd2 Rb8 12. f4 exf4 13. Nxf4 Nd4 14. Nfd5 Bd6
1/2-1/2

[Event "Vesterhav"]
[Site "Esbjerg"]
[Date "2008.07.13"]
[Round "5"]
[White "Noe, Lars"]
[Black "Motzkus, Mikkel"]
[Result "1/2-1/2"]
[WhiteElo "1936"]
[BlackElo "1995"]
[PlyCount "45"]
[EventDate "2008.07.11"]
[EventType "swiss"]
[EventRounds "10"]
[EventCountry "DEN"]
[Source "ChessBase"]
[SourceDate "2008.09.01"]

1. d4 d5 2. c4 c6 3. Nc3 Nf6 4. Nf3 e6 5. Bg5 Nbd7 6. e3 Be7 7. Rc1 O-O 8. Bd3
dxc4 9. Bxc4 b5 10. Bd3 a6 11. O-O c5 12. dxc5 Nxc5 13. Bb1 Qxd1 14. Rfxd1 b4
15. Ne4 Na4 16. Nxf6+ Bxf6 17. Bxf6 gxf6 18. Rd4 a5 19. Rg4+ Kh8 20. Rh4 Nxb2
21. Bxh7 Kg7 22. Be4 Ra7 23. Rg4+ 1/2-1/2

[Event "Vesterhav"]
[Site "Esbjerg"]
[Date "2008.07.13"]
[Round "5"]
[White "Nordin, Eric"]
[Black "Christensen, Michael"]
[Result "1-0"]
[WhiteElo "1991"]
[BlackElo "1509"]
[PlyCount "67"]
[EventDate "2008.07.11"]
[EventType "swiss"]
[EventRounds "10"]
[EventCountry "DEN"]
[Source "ChessBase"]
[SourceDate "2008.09.01"]

1. e4 c5 2. Nc3 Nc6 3. f4 d6 4. Nf3 Bg4 5. Bb5 Bd7 6. O-O Nf6 7. e5 dxe5 8.
fxe5 Ng4 9. Bxc6 Bxc6 10. Qe2 Bxf3 11. gxf3 Qd4+ 12. Kg2 Nxe5 13. Nb5 Qd7 14.
d4 a6 15. Qxe5 Qxb5 16. Rd1 cxd4 17. Qxb5+ axb5 18. Rxd4 Rc8 19. c3 e6 20. a4
Rc4 21. axb5 Rxd4 22. cxd4 Kd7 23. Ra8 g6 24. Rb8 Kc7 25. Bf4+ Kb6 26. Be5 Rg8
27. Bd6 Ka7 28. Rxf8 Rxf8 29. Bxf8 Kb6 30. Kf2 Kxb5 31. Ke3 Kc6 32. Ke4 Kb5 33.
b3 f6 34. Be7 1-0

[Event "Vesterhav"]
[Site "Esbjerg"]
[Date "2008.07.13"]
[Round "5"]
[White "Pedersen, Jan Rode"]
[Black "Luther, Lasse"]
[Result "1-0"]
[WhiteElo "2206"]
[BlackElo "1912"]
[PlyCount "71"]
[EventDate "2008.07.11"]
[EventType "swiss"]
[EventRounds "10"]
[EventCountry "DEN"]
[Source "ChessBase"]
[SourceDate "2008.09.01"]

1. e4 e6 2. d4 d5 3. Nd2 Nf6 4. e5 Nfd7 5. Ngf3 c5 6. dxc5 Nc6 7. Bb5 Bxc5 8.
O-O Qb6 9. Qe2 O-O 10. Bd3 f5 11. c3 Be7 12. b4 Qc7 13. Re1 a5 14. b5 Nd8 15.
Nb3 Nc5 16. Nxc5 Bxc5 17. c4 dxc4 18. Bxc4 Nf7 19. a4 Bd7 20. Qa2 Rfe8 21. Bf4
h6 22. h4 g6 23. Rac1 Rad8 24. Bb3 Qb6 25. Be3 Bxe3 26. Rxe3 Kg7 27. Rd3 Bc8
28. Rdc3 Bd7 29. Qa3 g5 30. hxg5 hxg5 31. Nxg5 Nxg5 32. Rg3 Kh6 33. Rc4 Ne4 34.
Qc1+ Kh7 35. Rxe4 fxe4 36. Qg5 1-0

[Event "Vesterhav"]
[Site "Esbjerg"]
[Date "2008.07.13"]
[Round "5"]
[White "Pedersen, Lars Wisler"]
[Black "Fogh, Jens Olaf Svanholm"]
[Result "0-1"]
[WhiteElo "1893"]
[BlackElo "2032"]
[PlyCount "62"]
[EventDate "2008.07.11"]
[EventType "swiss"]
[EventRounds "10"]
[EventCountry "DEN"]
[Source "ChessBase"]
[SourceDate "2008.09.01"]

1. f4 e5 2. fxe5 d6 3. exd6 Bxd6 4. Nf3 g5 5. g3 Nc6 6. d4 f6 7. e3 Bg4 8. Qd3
Qd7 9. Bg2 O-O-O 10. O-O h5 11. e4 Qh7 12. h3 Bd7 13. Bxg5 Qg6 14. Bf4 Bxf4 15.
gxf4 h4 16. f5 Qg7 17. Nh2 Nh6 18. Nd2 Be8 19. Rf4 Rg8 20. Ng4 Ne5 21. Qe2
Nhxg4 22. hxg4 Nxg4 23. Kh1 Qg5 24. Rff1 Bb5 25. Qxb5 Qxd2 26. e5 c6 27. Qa4 h3
28. Rg1 hxg2+ 29. Rxg2 Rh8+ 30. Kg1 Qe3+ 31. Kf1 Rh1+ 0-1